Entry Nome pessoal
001 - NÚMERO DE CONTROLE
- campo de controle: 347
003 - IDENTIFICADOR DO NÚMERO DE CONTROLE
- campo de controle: Br
005 - DATA E HORÁRIO DA ÚLTIMA TRANSAÇÃO
- campo de controle: 20250131090819.0
008 - CAMPO DE DADOS FIXOS
- campo de controle de tamanho fixo: 990812|| acnnnaab| aaaa
024 7# - OUTRO IDENTIFICADOR PADRÃO
- Número padrão ou código: http://viaf.org/viaf/39375774
- Fonte: VIAF
024 7# - OUTRO IDENTIFICADOR PADRÃO
- Número padrão ou código: http://id.loc.gov/authorities/names/n79053974
- Fonte: LCCN
035 ## - NÚMERO DE CONTROLE DO SISTEMA
- Número de Controle do Sistema: 99081212370909E05
040 ## - FONTE DA CATALOGAÇÃO
- Instituição da catalogação original: Br
- Instituição que transcreveu o registro: Br
- Convenções de cabeçalho de assunto/tesauros: Br
- Idioma da catalogação: por
100 1# - CABEÇALHO--NOME PESSOAL
- Nome pessoal: Defoe, Daniel,
- Datas associadas ao nome: 1661?-1731
400 1# - REMISSIVA VER--NOME PESSOAL
- Nome pessoal: De Foe, Daniel
- Datas associadas ao nome: 1661?-1731
400 1# - REMISSIVA VER--NOME PESSOAL
- Nome pessoal: Defo, Daniel
- Datas associadas ao nome: 1661?-1731
400 1# - REMISSIVA VER--NOME PESSOAL
- Nome pessoal: De Fo, Daniel
- Datas associadas ao nome: 1661?-1731
400 1# - REMISSIVA VER--NOME PESSOAL
- Nome pessoal: John, Gabriel
- Datas associadas ao nome: 1661?-1731
400 0# - REMISSIVA VER--NOME PESSOAL
- Nome pessoal: Gabriel John
- Datas associadas ao nome: 1661?-1731
400 1# - REMISSIVA VER--NOME PESSOAL
- Nome pessoal: Avery, John
- Datas associadas ao nome: 1661?-1731
400 1# - REMISSIVA VER--NOME PESSOAL
- Nome pessoal: Carleton, George
- Datas associadas ao nome: 1661?-1731
400 1# - REMISSIVA VER--NOME PESSOAL
- Nome pessoal: Drury, Robert
- Datas associadas ao nome: 1661?-1731
400 1# - REMISSIVA VER--NOME PESSOAL
- Nome pessoal: Johnson, Charles
- Datas associadas ao nome: 1661?-1731
400 1# - REMISSIVA VER--NOME PESSOAL
- Nome pessoal: Moreton, Andrew
- Datas associadas ao nome: 1661?-1731
400 1# - REMISSIVA VER--NOME PESSOAL
- Nome pessoal: Ramkins, Alexander
- Datas associadas ao nome: 1661?-1731
400 1# - REMISSIVA VER--NOME PESSOAL
- Nome pessoal: Roberts, George
- Datas associadas ao nome: 1661?-1731
670 ## - FONTE POSITIVA DOS DADOS
- Citação da fonte positiva dos dados: Autor: Coronel Jack. 1982
670 ## - FONTE POSITIVA DOS DADOS
- Citação da fonte positiva dos dados: LC authorities 13/07/2012
- Dados encontrados na fonte localizada no subcampo: (1660-1731 ; rems.)
670 ## - FONTE POSITIVA DOS DADOS
- Citação da fonte positiva dos dados: http://catalogue.bnf.fr/
- Dados encontrados na fonte localizada no subcampo: (D.; pseud.; rems.; jornalista; romancista; fundador do jornal "The Review")
670 ## - FONTE POSITIVA DOS DADOS
- Citação da fonte positiva dos dados: http://www.spartacus.schoolnet.co.uk/Jdefoe.htm
- Dados encontrados na fonte localizada no subcampo: (nasceu em Londres em 1660 e morreu em 1731; considerado o fundador do jornalismo britânico)
670 ## - FONTE POSITIVA DOS DADOS
- Citação da fonte positiva dos dados: LC Authorities 15/01/2020
- Dados encontrados na fonte localizada no subcampo: (1661?-1731)
670 ## - FONTE POSITIVA DOS DADOS
- Citação da fonte positiva dos dados: https://catalogue.bnf.fr/ark:/12148/cb118990779 15/01/2020
- Dados encontrados na fonte localizada no subcampo: (1661?-1731 ; jornalista, fundador do jornal "The Review" (em 1704), romancista e aventureiro)
670 ## - FONTE POSITIVA DOS DADOS
- Citação da fonte positiva dos dados: https://pt.wikipedia.org/wiki/Daniel_Defoe 15/01/2020
- Dados encontrados na fonte localizada no subcampo: (escritor e jornalista inglês, famoso pelo seu livro Robinson Crusoé)